00690nam a2200229 i 4500001001000000003000900010005001700019007000300036008004100039040003000080041000800110082001900118100004000137245006300177264005600240300002600296336002700322337003300349338002800382650003200410650001800442000017882DO-SdBNP20251124091422.0ta100407s1999 dr ac 000 0 spa d aDO-SdBNPbspacBNPHUerda hspa axxxbS941e2221 aSubero Isa, Jorge A.,d1947-eautor10aLa ética del funcionario judicial /cJorge A. Subero Isa 1aSanto Domingo :bEscuela de la Magistratura,c1999. a29 paginas ;c22 cm. 2rdacontentatextobtxt 2rdamediaasin mediaciónbn 2rdacarrieravolumenbnc 4aAbogadosxEtica profesional 0aÉtica legal